Meaning and identity in a Greek landscape : an archaeological ethnography

Αποθηκεύτηκε σε:
Λεπτομέρειες βιβλιογραφικής εγγραφής
Κύριος συγγραφέας: Forbes, Hamish Alexander
Μορφή: Βιβλίο
Γλώσσα:English
Δημοσίευση: New York : Cambridge University Press, 2007
Θέματα:
Ετικέτες: Προσθήκη ετικέτας
Δεν υπάρχουν, Καταχωρήστε ετικέτα πρώτοι!

MARC

LEADER 00000cam a2200000 i 4500
001 1/102067
008 090304s2007 eng d
020 |a 978-0-521-86699-6 (hbk.) 
020 |a 0-521-86699-5 (hbk.) 
035 |l 10103512 
040 |a GR-MY-UA  |b gre  |e aacr 
041 0 |a eng 
082 0 |a 938.25  |2 (22) 
100 1 |a Forbes, Hamish Alexander. 
245 1 0 |a Meaning and identity in a Greek landscape :  |b an archaeological ethnography /  |c Hamish Forbes 
260 |a New York :   |b Cambridge University Press,   |c 2007 
300 |a xxii, 438 σ.;  |b εικ., πίν., χάρτες;  |c 24 εκ. 
504 |a Βιβλιογραφία: σ. 417-432 
504 |a Ευρετήριο: σ. 433-438 
650 0 0 |a Landscape archaeology  |z Greece  |z Methana Peninsula. 
650 0 0 |a Excavations (Archaeology)  |z Greece  |z Methana Peninsula. 
651 0 |a Methana Peninsula (Greece)  |x History. 
651 0 |a Methana Peninsula (Greece)  |x Antiquities. 
852 |a INST  |b LESVOS  |e 20090304  |h 938.25 FOR  |p 005100043847  |q 005100043847  |t BK  |y 0 
901 |a BIBL1-2009-1 
909 |a Λ  |b 154228 
922 |a 1ΕΛΗ  |b 200809  |c ΕΠΕΑΕΚ2/ΤΚΑ  |d ΜΙΧΑΛΟΠΟΥΛΟΣ 
970 |a ΓΙΑΛΑΜΑ  |b ΜΑΡΙΑ  |z 2009/03/04